000 01791cam a22003491 4500
001 6210
003 FISKH
005 20250328115106.0
008 751016s1816 enk 000 1 eng
010 _a 06015462
020 _a9781904831167
040 _aDLC
_beng
_cFM
_dDLC
050 _aPR4034
082 _a823.7
100 1 _aAusten, Jane,
_d1775-1817.
245 1 0 _aEmma /
_cJane Austen
250 _aThis edition published in 2006
260 _aLondon :
_bPenguin,
_c1816.
300 _a367 pages :
_c18 cm
520 _aOften considered to be Jane Austen's finest work, Emma is the story of a charmingly self-deluded heroine whose injudicious matchmaking schemes often lead to substantial mortification. Emma, "handsome, clever, and rich, with a comfortable home and happy disposition, seemed to unite some of the best blessings of existence; and had lived nearly twenty-one years in the world with very little to distress or vex her." Her own great fortune has blinded Emma to the true feelings and motivations of others and leads her to some hilarious misjudgments. But it is through her mistakes that Emma finds humility, wisdom, and true love. Told with the shrewd wit and delicate irony which have made Jane Austen a master of the English novel, Emma is a comic masterpiece whose fanciful heroine has gained the affection of generations of readers.
650 0 _aFathers and daughters
_vFiction.
650 0 _aFemale friendship
_vFiction.
650 0 _aMate selection
_vFiction.
650 0 _aYoung women
_vFiction.
651 0 _aEngland
_vFiction.
655 7 _aHumorous fiction.
_2gsafd
655 7 _aBildungsromans.
_2gsafd
655 7 _aLove stories.
_2gsafd
906 _a7
_bcbc
_coclcrpl
_du
_encip
_f19
_gy-gencatlg
942 _2ddc
_cBK
_n0
999 _c6210
_d6210